[Event "Titled Tuesday intern op 12th Mar Early"]
[Site "Chess.com INT"]
[Date "2024.03.12"]
[Round "2"]
[White "Jankowiak, Tomasz"]
[Black "Arngrimsson, Dagur"]
[Result "0-1"]
[WhiteElo "2163"]
[BlackElo "2366"]
[PlyCount "96"]
[EventDate "2024.03.12"]
[EventType "swiss (blitz)"]
[EventRounds "11"]
[EventCountry "USA"]
[SourceTitle "CB12_2024"]
[SourceDate "2023.10.01"]
[SourceVersion "1"]
[SourceVersionDate "2023.10.01"]
[SourceQuality "1"]

1. e4 e5 2. Nf3 Nc6 3. Bb5 a6 4. Bxc6 dxc6 5. 0-0 f6 6. d4 exd4 7. Nxd4 c5 8. Nb3 Qxd1 9. Rxd1 Bg4 10. f3 Be6 11. Nc3 Bd6 12. Be3 b6 13. a4 0-0-0 14. a5 Kb7 15. Rd2 Ne7 16. Rad1 Bxb3 17. cxb3 b5 18. e5 fxe5 19. Ne4 Nf5 20. Bxc5 Kc6 21. b4 Rd7 22. g4 Bxc5+ 23. Nxc5 Rxd2 24. Rxd2 Nd4 25. Kf2 Rf8 26. Rd3 Ra8 27. Ke3 Rf8 28. Ke4 Kd6 29. Rxd4+ exd4 30. Nxa6 d3 31. Kxd3 Rxf3+ 32. Ke4 Rb3 33. Kf5 Rxb2 34. g5 Rf2+ 35. Ke4 Rxh2 36. Nc5 Rh4+ 37. Ke3 Rxb4 38. Ne4+ Rxe4+ 39. Kxe4 b4 40. Kd4 c5+ 41. Kc4 Kc6 42. a6 h5 43. gxh6 gxh6 44. a7 Kb7 45. Kxc5 b3 46. Kb4 b2 47. a8Q+ Kxa8 48. Kc3 b1Q 0-1

[Event "Seville op 49th"]
[Site "Seville"]
[Date "2024.01.16"]
[Round "5"]
[White "Sabuk, Piotr"]
[Black "Jankowiak, Tomasz"]
[Result "1-0"]
[WhiteElo "2387"]
[BlackElo "2149"]
[PlyCount "65"]
[EventDate "2024.01.12"]
[EventType "swiss"]
[EventRounds "9"]
[EventCountry "ESP"]
[SourceTitle "CB04_2024"]
[SourceDate "2023.10.16"]
[SourceVersion "1"]
[SourceVersionDate "2023.10.16"]
[SourceQuality "1"]

1. d4 Nf6 2. c4 e6 3. Nc3 d5 4. Bg5 Be7 5. Nf3 0-0 6. e3 Nbd7 7. Qc2 Re8 8. Rd1 h6 9. Bh4 c6 10. Be2 b6 11. 0-0 Bb7 12. Rfe1 Rc8 13. e4 Nxe4 14. Nxe4 dxe4 15. Bxe7 Qxe7 16. Qxe4 Nf6 17. Qe3 c5 18. Ne5 cxd4 19. Rxd4 Qb4 20. Rb1 Red8 21. a3 Qe7 22. Rbd1 Rxd4 23. Qxd4 Kf8 24. b4 Qc7 25. h4 Ke7 26. Qf4 Bc6 27. g4 g5 28. hxg5 hxg5 29. Qxg5 Rh8 30. f3 Ba4 31. Rd4 Rg8 32. Qf4 Qc8 33. g5 1-0

[Event "Titled Tuesday intern op 19th Dec Early"]
[Site "Chess.com INT"]
[Date "2023.12.19"]
[Round "4"]
[White "Baches Garcia, Guillermo"]
[Black "Jankowiak, Tomasz"]
[Result "0-1"]
[WhiteElo "2327"]
[BlackElo "2149"]
[PlyCount "60"]
[EventDate "2023.12.19"]
[EventType "swiss (blitz)"]
[EventRounds "11"]
[EventCountry "USA"]
[SourceTitle "CB52_2023"]
[SourceDate "2023.12.27"]
[SourceVersion "1"]
[SourceVersionDate "2023.12.27"]
[SourceQuality "1"]

1. d4 Nf6 2. Nf3 d5 3. Bg5 Ne4 4. Bf4 c5 5. dxc5 Nc6 6. Nbd2 Nxc5 7. e3 f6 8. Bg3 e5 9. Be2 Bd6 10. Nb3 Nxb3 11. axb3 Be6 12. c3 0-0 13. 0-0 f5 14. Bb5 Qf6 15. Re1 g5 16. c4 Ne7 17. cxd5 Bxd5 18. h4 h6 19. Bc4 Bxc4 20. bxc4 f4 21. hxg5 hxg5 22. exf4 exf4 23. Bh2 g4 24. Nd4 g3 25. Qg4+ Qg6 26. Qxg6+ Nxg6 27. Re6 gxh2+ 28. Kh1 Bc5 29. Nb3 Kf7 30. Nxc5 b6 0-1

[Event "Titled Tuesday intern op 19th Dec Early"]
[Site "Chess.com INT"]
[Date "2023.12.19"]
[Round "1"]
[White "De Boer, Eelke"]
[Black "Jankowiak, Tomasz"]
[Result "0-1"]
[WhiteElo "2346"]
[BlackElo "2149"]
[PlyCount "58"]
[EventDate "2023.12.19"]
[EventType "swiss (blitz)"]
[EventRounds "11"]
[EventCountry "USA"]
[SourceTitle "CB52_2023"]
[SourceDate "2023.12.27"]
[SourceVersion "1"]
[SourceVersionDate "2023.12.27"]
[SourceQuality "1"]

1. e4 c5 2. Nf3 Nf6 3. e5 Nd5 4. Nc3 e6 5. Nxd5 exd5 6. d4 Nc6 7. dxc5 Bxc5 8. Qxd5 Qb6 9. Bc4 Bxf2+ 10. Kf1 0-0 11. Bf4 d6 12. exd6 Be6 13. Qd3 Nb4 14. Qe2 Bxc4 15. Qxc4 Rac8 16. Qb3 Rxc2 17. Nd2 Bd4 18. d7 Qa6+ 19. Ke1 Nd3+ 20. Kd1 Rxb2 21. Qd5 Nf2+ 22. Ke1 Nd3+ 23. Kd1 Nxf4 24. Qxd4 Ne6 25. Qxb2 Qa4+ 26. Qb3 Qxd7 27. Rc1 Rd8 28. Rc2 Nd4 29. Qd3 Qg4+ 0-1

[Event "Titled Tuesday intern op 22nd Aug Late"]
[Site "Chess.com INT"]
[Date "2023.08.22"]
[Round "11"]
[White "Toropov, Pavel"]
[Black "Jankowiak, Tomasz"]
[Result "1-0"]
[WhiteElo "2336"]
[BlackElo "2227"]
[PlyCount "121"]
[EventDate "2023.08.22"]
[EventType "swiss (blitz)"]
[EventRounds "11"]
[EventCountry "USA"]
[SourceTitle "EXT 2024"]
[Source "ChessBase"]
[SourceDate "2023.10.10"]
[SourceVersion "1"]
[SourceVersionDate "2023.10.10"]
[SourceQuality "1"]

1. e4 c5 2. Nf3 Nf6 3. e5 Nd5 4. c4 Nc7 5. b3 g6 6. Bb2 Bg7 7. d4 cxd4 8. Qxd4 Nc6 9. Qe3 0-0 10. Nc3 d6 11. exd6 Qxd6 12. Be2 Nb4 13. Qc1 Bf5 14. 0-0 Nc2 15. Rb1 Nd4 16. Nxd4 Bxb1 17. Ndb5 Nxb5 18. Nxb5 Qe6 19. Bxg7 Kxg7 20. Qb2+ Qf6 21. Qxf6+ Kxf6 22. Rxb1 Rad8 23. Kf1 e6 24. Ke1 a6 25. Nc3 Rd4 26. Rd1 Rfd8 27. Rxd4 Rxd4 28. f3 Ke5 29. g3 f5 30. f4+ Kd6 31. Bf1 Kc5 32. a3 Rd8 33. Ke2 e5 34. fxe5 Re8 35. Kf2 Rxe5 36. Bg2 Kd4 37. Nd5 Kd3 38. Nf4+ Kc3 39. Bxb7 Kxb3 40. Bd5 Kxa3 41. c5 Kb4 42. c6 Re7 43. Ne6 a5 44. c7 Re8 45. Bb7 a4 46. c8Q Rxc8 47. Bxc8 a3 48. Nd4 a2 49. Nc2+ Kc3 50. Na1 Kb2 51. Ke3 Kxa1 52. Be6 Kb2 53. Bxa2 Kxa2 54. Kf4 h6 55. Ke5 Kb3 56. Kf6 g5 57. Kxf5 Kc4 58. Kg6 Kd4 59. Kxh6 g4 60. Kg5 Ke4 61. Kxg4 1-0

[Event "Titled Tuesday intern op 15th Aug Late"]
[Site "Chess.com INT"]
[Date "2023.08.15"]
[Round "2"]
[White "Jankowiak, Tomasz"]
[Black "Villiers, Thomas"]
[Result "0-1"]
[WhiteElo "2227"]
[BlackElo "2163"]
[PlyCount "74"]
[EventDate "2023.08.15"]
[EventType "swiss (blitz)"]
[EventRounds "11"]
[EventCountry "USA"]
[SourceTitle "EXT 2024"]
[Source "ChessBase"]
[SourceDate "2023.10.10"]
[SourceVersion "1"]
[SourceVersionDate "2023.10.10"]
[SourceQuality "1"]

1. e4 e6 2. d4 b6 3. Nc3 Bb7 4. f4 Bb4 5. Bd3 Nf6 6. Qe2 d5 7. e5 Ne4 8. Bxe4 dxe4 9. Be3 Nd7 10. Qd2 f5 11. 0-0-0 Qe7 12. Nge2 0-0-0 13. g4 g6 14. h4 c5 15. a3 cxd4 16. Bxd4 Bxa3 17. bxa3 Qxa3+ 18. Kb1 Nc5 19. Qe3 Ba6 20. Bxc5 bxc5 21. Qc1 Qa5 22. Rxd8+ Rxd8 23. Rd1 Bxe2 24. Rxd8+ Kxd8 25. Nxe2 Qb5+ 26. Qb2 Qxe2 27. Qb8+ Kd7 28. Qxa7+ Kc6 29. Qa8+ Kb5 30. Qb7+ Ka5 31. Qc7+ Kb4 32. c3+ Kc4 33. Qc6 Qd1+ 34. Ka2 Qb3+ 35. Ka1 Qxc3+ 36. Ka2 Qa5+ 37. Kb1 Qb5+ 0-1

[Event "Titled Tuesday intern op 15th Aug Late"]
[Site "Chess.com INT"]
[Date "2023.08.15"]
[Round "7"]
[White "Vargas, Mauricio"]
[Black "Jankowiak, Tomasz"]
[Result "0-1"]
[WhiteElo "2035"]
[BlackElo "2227"]
[PlyCount "68"]
[EventDate "2023.08.15"]
[EventType "swiss (blitz)"]
[EventRounds "11"]
[EventCountry "USA"]
[SourceTitle "EXT 2024"]
[Source "ChessBase"]
[SourceDate "2023.10.10"]
[SourceVersion "1"]
[SourceVersionDate "2023.10.10"]
[SourceQuality "1"]

1. e4 c5 2. Nc3 e6 3. f4 Nc6 4. Nf3 a6 5. d3 b5 6. g3 Bb7 7. a3 g6 8. Bg2 Bg7 9. 0-0 Nge7 10. Qe1 0-0 11. h3 d5 12. e5 d4 13. Ne4 Nd5 14. Nd6 Ra7 15. Nxb7 Rxb7 16. Ng5 h6 17. Ne4 Rb6 18. g4 c4 19. g5 h5 20. Nf6+ Bxf6 21. gxf6 Kh7 22. Be4 b4 23. Qh4 Kh6 24. f5+ Kh7 25. Qxh5+ gxh5 26. fxe6+ Kh8 27. e7 Ncxe7 28. fxe7 Qxe7 29. Rf5 Rg6+ 30. Kh1 Qh4 31. Kh2 Ne3 32. Bxe3 dxe3 33. Raf1 Qg3+ 34. Kh1 Qxh3# 0-1

[Event "Titled Tuesday intern op 11th Jul Early"]
[Site "Chess.com INT"]
[Date "2023.07.11"]
[Round "10"]
[White "Mishra, Manoj"]
[Black "Jankowiak, Tomasz"]
[Result "1-0"]
[WhiteElo "1902"]
[BlackElo "2216"]
[PlyCount "41"]
[EventDate "2023.07.11"]
[EventType "swiss (blitz)"]
[EventRounds "11"]
[EventCountry "USA"]
[SourceTitle "EXT 2024"]
[Source "ChessBase"]
[SourceDate "2023.10.10"]
[SourceVersion "1"]
[SourceVersionDate "2023.10.10"]
[SourceQuality "1"]

1. d4 Nf6 2. Bf4 d5 3. Nc3 Bf5 4. e3 e6 5. f3 Bd6 6. g4 Bg6 7. h4 h5 8. g5 Bxf4 9. exf4 Nfd7 10. Bd3 c5 11. Bxg6 fxg6 12. Qd3 Kf7 13. 0-0-0 Qc7 14. Nb5 Qxf4+ 15. Kb1 a6 16. Ne2 Qf5 17. Nd6+ Ke7 18. Nxf5+ gxf5 19. dxc5 Nxc5 20. Qa3 Nc6 21. Qxc5+ 1-0

[Event "Titled Tuesday intern op 04th Jul Early"]
[Site "Chess.com INT"]
[Date "2023.07.04"]
[Round "11"]
[White "Jankowiak, Tomasz"]
[Black "Eilers, Stefan"]
[Result "1-0"]
[WhiteElo "2216"]
[BlackElo "2300"]
[PlyCount "85"]
[EventDate "2023.07.04"]
[EventType "swiss (blitz)"]
[EventRounds "11"]
[EventCountry "USA"]
[SourceTitle "EXT 2024"]
[Source "ChessBase"]
[SourceDate "2023.10.10"]
[SourceVersion "1"]
[SourceVersionDate "2023.10.10"]
[SourceQuality "1"]

1. e4 g6 2. h4 Bg7 3. h5 c6 4. d4 d5 5. e5 c5 6. h6 Bf8 7. dxc5 Nc6 8. f4 e6 9. Bb5 Bxc5 10. Nf3 Nge7 11. c4 a6 12. cxd5 axb5 13. dxc6 Qxd1+ 14. Kxd1 bxc6 15. Nc3 Nf5 16. Ng5 0-0 17. Nce4 Be7 18. g4 Nd4 19. Be3 Rd8 20. Bxd4 Rxd4+ 21. Ke2 c5 22. Rhd1 Ba6 23. Rxd4 cxd4 24. Kd3 Rd8 25. Rc1 b4+ 26. Kd2 d3 27. Rc7 Re8 28. Ra7 Bb5 29. Rb7 Bc6 30. Rc7 Bd5 31. Nd6 Bxg5 32. fxg5 Ra8 33. Rxf7 Rxa2 34. Rg7+ Kf8 35. Rf7+ Kg8 36. Rg7+ Kf8 37. Rxh7 Rxb2+ 38. Kxd3 Rf2 39. Rh8+ Ke7 40. h7 Rf3+ 41. Ke2 Rh3 42. Re8+ Kd7 43. h8Q 1-0

[Event "Titled Tuesday intern op 04th Jul Early"]
[Site "Chess.com INT"]
[Date "2023.07.04"]
[Round "3"]
[White "Jankowiak, Tomasz"]
[Black "Osmak, Iulija"]
[Result "0-1"]
[WhiteElo "2216"]
[BlackElo "2444"]
[PlyCount "72"]
[EventDate "2023.07.04"]
[EventType "swiss (blitz)"]
[EventRounds "11"]
[EventCountry "USA"]
[SourceTitle "EXT 2024"]
[Source "ChessBase"]
[SourceDate "2023.10.10"]
[SourceVersion "1"]
[SourceVersionDate "2023.10.10"]
[SourceQuality "1"]

1. e4 e6 2. d4 d5 3. Nc3 Bb4 4. e5 Ne7 5. a3 Bxc3+ 6. bxc3 c5 7. h4 Qc7 8. h5 h6 9. Rb1 b6 10. Qg4 cxd4 11. Qxg7 Rg8 12. Qxh6 Qxc3+ 13. Qd2 Ba6 14. Nf3 Bxf1 15. Kxf1 Nbc6 16. h6 Qxd2 17. Bxd2 0-0-0 18. h7 Rh8 19. Bg5 Ng6 20. Bf6 Rde8 21. Rh6 Rhf8 22. Re1 Kd7 23. Ke2 Ra8 24. Reh1 Nh8 25. Bg7 Rfe8 26. Kd3 Rac8 27. Ng5 Na5 28. Bxh8 Rxh8 29. Nxf7 Nc4 30. Nxh8 Rxh8 31. Rg6 Nxe5+ 32. Kxd4 Nxg6 33. Rh6 Nf8 34. Ke5 Rxh7 35. Rf6 Ke7 36. g4 Nd7+ 0-1

[Event "Titled Tuesday intern op 04th Jul Early"]
[Site "Chess.com INT"]
[Date "2023.07.04"]
[Round "5"]
[White "Tikhonov, Viacheslav"]
[Black "Jankowiak, Tomasz"]
[Result "1-0"]
[WhiteElo "2201"]
[BlackElo "2216"]
[PlyCount "121"]
[EventDate "2023.07.04"]
[EventType "swiss (blitz)"]
[EventRounds "11"]
[EventCountry "USA"]
[SourceTitle "EXT 2024"]
[Source "ChessBase"]
[SourceDate "2023.10.10"]
[SourceVersion "1"]
[SourceVersionDate "2023.10.10"]
[SourceQuality "1"]

1. d4 Nf6 2. c4 e6 3. Nf3 b6 4. g3 Ba6 5. Qc2 Bb4+ 6. Bd2 Be7 7. Bg2 Bb7 8. 0-0 0-0 9. Nc3 c5 10. d5 exd5 11. Nh4 Ne4 12. Nf5 Nxd2 13. Qxd2 Bg5 14. e3 Nc6 15. Nd6 Ba6 16. Qxd5 Nb4 17. Qxa8 Qxa8 18. Bxa8 Rxa8 19. Rad1 Bf6 20. a3 Bxc3 21. bxc3 Nc6 22. Nb5 Ne5 23. a4 Rd8 24. Rd5 Nxc4 25. Rfd1 Bc8 26. Nxa7 Nb2 27. Nxc8 Nxd1 28. Nxb6 Nxc3 29. Rxc5 Ne4 30. Rc4 Nd2 31. Rc2 Nb3 32. Nxd7 h5 33. Rc7 Nd2 34. Kg2 Ne4 35. a5 h4 36. gxh4 Nd6 37. Nb6 Nb5 38. Rd7 Rb8 39. Rd5 Nc7 40. Rc5 Na6 41. Rc8+ Rxc8 42. Nxc8 Kf8 43. Kf3 Ke8 44. Ke4 Kd7 45. Nb6+ Kc6 46. h5 Kb5 47. Nc8 Kxa5 48. Nd6 f6 49. Kf5 Nc5 50. Kg6 Ne6 51. Nf5 Ng5 52. Nxg7 Ne4 53. f4 Nf2 54. h6 Ng4 55. h7 Nxh2 56. h8Q Nf3 57. Qb8 Nd2 58. Ne6 Ne4 59. Nd4 Ka6 60. Qb5+ Ka7 61. Nc6+ 1-0

[Event "POL-ch Universities"]
[Site "Bydgoszcz"]
[Date "2023.03.11"]
[Round "6"]
[White "Walter, Szymon"]
[Black "Jankowiak, Tomasz"]
[Result "1-0"]
[WhiteElo "2323"]
[BlackElo "2195"]
[PlyCount "45"]
[EventDate "2023.03.10"]
[EventType "swiss"]
[EventRounds "9"]
[EventCountry "POL"]
[SourceTitle "CBM 213 Extra"]
[Source "ChessBase"]
[SourceDate "2023.05.31"]
[SourceVersion "1"]
[SourceVersionDate "2023.05.31"]
[SourceQuality "1"]

1. e4 c5 2. Nc3 Nc6 3. Nf3 g6 4. Bb5 Nd4 5. 0-0 Bg7 6. Nxd4 cxd4 7. Ne2 a6 8. Bc4 d6 9. d3 e5 10. f4 Be6 11. Bb3 Ne7 12. Ng3 Qd7 13. f5 gxf5 14. Nh5 0-0 15. Bh6 Bxh6 16. Nf6+ Kg7 17. Nxd7 Be3+ 18. Kh1 Bxd7 19. exf5 Nxf5 20. Qg4+ Kh8 21. Rxf5 Rg8 22. Qf3 Rg6 23. Qxb7 1-0

[Event "POL-ch Universities"]
[Site "Bydgoszcz"]
[Date "2023.03.10"]
[Round "5"]
[White "Jankowiak, Tomasz"]
[Black "Chaczynski, Kamil"]
[Result "1-0"]
[WhiteElo "2195"]
[BlackElo "2104"]
[PlyCount "91"]
[EventDate "2023.03.10"]
[EventType "swiss"]
[EventRounds "9"]
[EventCountry "POL"]
[SourceTitle "CBM 213 Extra"]
[Source "ChessBase"]
[SourceDate "2023.05.31"]
[SourceVersion "1"]
[SourceVersionDate "2023.05.31"]
[SourceQuality "1"]

1. e4 c5 2. Nf3 Nc6 3. d4 cxd4 4. Nxd4 Nf6 5. Nc3 e5 6. Ndb5 d6 7. Bg5 a6 8. Na3 b5 9. Nd5 Be7 10. Bxf6 Bxf6 11. c4 b4 12. Nc2 a5 13. g3 0-0 14. Bg2 Bg5 15. 0-0 Be6 16. Qd3 Ne7 17. Nce3 Rc8 18. b3 Rc5 19. f4 exf4 20. gxf4 Bh6 21. Rae1 Nxd5 22. exd5 Bc8 23. Nf5 Bxf5 24. Qxf5 Re8 25. Kh1 Rc7 26. Be4 g6 27. Qh3 Bg7 28. Qg3 Rce7 29. Bd3 Bc3 30. Rxe7 Qxe7 31. f5 Qe3 32. fxg6 hxg6 33. Rf3 Qe1+ 34. Qxe1 Rxe1+ 35. Rf1 Re3 36. Rd1 f5 37. c5 dxc5 38. d6 Kf8 39. Bb5 Bd4 40. d7 Ke7 41. Rg1 Re6 42. Rf1 Re5 43. Kg2 g5 44. h4 g4 45. h5 Re2+ 46. Bxe2 1-0

[Event "POL-chT 2nd League"]
[Site "Jastrzebia Gora"]
[Date "2022.09.08"]
[Round "6.49"]
[White "Bajerlein, Dawid"]
[Black "Jankowiak, Tomasz"]
[Result "1/2-1/2"]
[WhiteElo "2072"]
[BlackElo "2195"]
[PlyCount "59"]
[EventDate "2022.09.03"]
[EventType "team-swiss"]
[EventRounds "9"]
[EventCountry "POL"]
[SourceTitle "CBM 210 Extra"]
[Source "ChessBase"]
[SourceDate "2022.11.30"]
[SourceVersion "1"]
[SourceVersionDate "2022.11.30"]
[SourceQuality "1"]
[WhiteTeam "Lipno Steszew"]
[BlackTeam "Bogatynia UKS SP3"]
[WhiteTeamCountry "POL"]
[BlackTeamCountry "POL"]

1. d4 d5 2. c4 e6 3. Nc3 c6 4. Nf3 Nf6 5. Bg5 dxc4 6. e4 b5 7. e5 h6 8. Bh4 g5 9. Nxg5 hxg5 10. Bxg5 Nbd7 11. g3 Bb7 12. Bg2 Qb6 13. exf6 0-0-0 14. 0-0 c5 15. d5 b4 16. Na4 Qa6 17. a3 Bxd5 18. Bf3 Be4 19. Bxe4 Ne5 20. Bd5 Rxd5 21. axb4 cxb4 22. Qe2 Qd6 23. Nc3 a5 24. Rxa5 bxc3 25. Ra8+ Kb7 26. Rfa1 Qb4 27. Rf1 Qd6 28. Rfa1 Qb4 29. R1a7+ Kb6 30. Ra6+ 1/2-1/2

[Event "POL-chT 2nd League"]
[Site "Jastrzebia Gora"]
[Date "2022.09.04"]
[Round "2.26"]
[White "Luberanski, Jakub"]
[Black "Jankowiak, Tomasz"]
[Result "1-0"]
[WhiteElo "2211"]
[BlackElo "2195"]
[PlyCount "34"]
[EventDate "2022.09.03"]
[EventType "team-swiss"]
[EventRounds "9"]
[EventCountry "POL"]
[SourceTitle "CBM 210 Extra"]
[Source "ChessBase"]
[SourceDate "2022.11.30"]
[SourceVersion "1"]
[SourceVersionDate "2022.11.30"]
[SourceQuality "1"]
[WhiteTeam "Wroclaw Polonia"]
[BlackTeam "Bogatynia UKS SP3"]
[WhiteTeamCountry "POL"]
[BlackTeamCountry "POL"]

1. d4 d5 2. c4 e6 3. Nc3 c6 4. Nf3 dxc4 5. a4 Bb4 6. e3 b5 7. Bd2 a5 8. axb5 Bxc3 9. Bxc3 cxb5 10. b3 Bb7 11. bxc4 b4 12. Bb2 Nf6 13. Bd3 0-0 14. 0-0 Nbd7 15. Nd2 Qc7 16. Nf3 Qd8 17. Nd2 Qc7 1-0

[Event "POL-chT Academic"]
[Site "Chorzow"]
[Date "2022.04.03"]
[Round "9.20"]
[White "Klepek, Witold"]
[Black "Jankowiak, Tomasz"]
[Result "0-1"]
[WhiteElo "1939"]
[BlackElo "2009"]
[PlyCount "170"]
[EventDate "2022.04.02"]
[EventType "team-swiss (rapid)"]
[EventRounds "9"]
[EventCountry "POL"]
[SourceTitle "EXT 2024"]
[Source "ChessBase"]
[SourceDate "2023.10.10"]
[SourceVersion "1"]
[SourceVersionDate "2023.10.10"]
[SourceQuality "1"]

1. e4 c5 2. Nf3 Nf6 3. e5 Nd5 4. Nc3 e6 5. Nxd5 exd5 6. d4 Nc6 7. dxc5 Bxc5 8. Bd3 d6 9. exd6 0-0 10. 0-0 Bg4 11. h3 Bh5 12. Bf4 Bxd6 13. Bxd6 Qxd6 14. Be2 Rad8 15. c3 Rfe8 16. Re1 Qf6 17. Qb3 Re7 18. Rad1 Rde8 19. Kf1 d4 20. cxd4 Rxe2 21. Rxe2 Rxe2 22. Kxe2 Nxd4+ 23. Rxd4 Qxd4 24. Qxb7 Qc4+ 25. Kd2 h6 26. Qxa7 Qb4+ 27. Ke3 Qxb2 28. Qa5 Qc1+ 29. Qd2 Qc5+ 30. Ke2 Qc4+ 31. Ke1 Qe4+ 32. Kf1 Bxf3 33. gxf3 Qxf3 34. Qe3 Qd1+ 35. Kg2 Qd5+ 36. Kh2 Qxa2 37. Qe8+ Kh7 38. Qe4+ g6 39. Qf4 Qe6 40. Kg2 Kg7 41. Qd4+ Qf6 42. Qe4 h5 43. Kh2 g5 44. Kg2 Qe6 45. Qf3 Kg6 46. Qa8 f6 47. Kh2 h4 48. Kg2 g4 49. hxg4 Qxg4+ 50. Kh2 Qf4+ 51. Kg2 Qg5+ 52. Kh2 Qe5+ 53. Kg2 Kf5 54. Qc8+ Qe6 55. Qh8 Qe4+ 56. Kh2 Qf4+ 57. Kg2 Qg5+ 58. Kh2 Kg4 59. Kg2 Qd5+ 60. Kh2 Qe5+ 61. Kg2 Qe4+ 62. Kh2 Qf4+ 63. Kg1 Qc1+ 64. Kg2 Qc6+ 65. Kg1 Qe6 66. Qg7+ Kf5 67. Qh6 Qe1+ 68. Kg2 Qe4+ 69. Kg1 Qg4+ 70. Kh1 h3 71. Qh7+ Kf4 72. Qh6+ Ke5 73. f4+ Ke4 74. Qh7+ Kxf4 75. Qc7+ Kf5 76. Qd7+ Kg5 77. Qg7+ Kf5 78. Qd7+ Kf4 79. Qd2+ Ke5 80. Qc3+ Kf5 81. Qc8+ Kg5 82. Qg8+ Kh4 83. Qh7+ Kg3 84. Qc7+ Qf4 85. Qg7+ Kf3 0-1

[Event "POL-chT Academic"]
[Site "Chorzow"]
[Date "2022.04.02"]
[Round "5.14"]
[White "Jankowiak, Tomasz"]
[Black "Adamczewski, Maciej"]
[Result "1/2-1/2"]
[WhiteElo "2009"]
[BlackElo "2056"]
[PlyCount "88"]
[EventDate "2022.04.02"]
[EventType "team-swiss (rapid)"]
[EventRounds "9"]
[EventCountry "POL"]
[SourceTitle "EXT 2024"]
[Source "ChessBase"]
[SourceDate "2023.10.10"]
[SourceVersion "1"]
[SourceVersionDate "2023.10.10"]
[SourceQuality "1"]

1. e4 e6 2. d4 d5 3. Nc3 Nf6 4. Bg5 dxe4 5. Nxe4 Be7 6. Bxf6 gxf6 7. Nf3 a6 8. g3 b5 9. Bg2 Bb7 10. Qe2 Nd7 11. a4 b4 12. a5 c5 13. dxc5 Nxc5 14. Nxc5 Bxc5 15. 0-0 0-0 16. Rfd1 Qc7 17. Rd3 Rfd8 18. Rad1 Bd5 19. Qd2 Be7 20. Nd4 Rac8 21. Nf5 exf5 22. Bxd5 Qxc2 23. Qf4 Qxb2 24. Qxf5 Qe5 25. Qg4+ Qg5 26. Qf3 Rc1 27. Rxc1 Qxc1+ 28. Kg2 Qg5 29. h4 Qe5 30. Qg4+ Kf8 31. Qf3 Bc5 32. Rd1 Bd4 33. Be4 h6 34. Rd3 Ke7 35. Bf5 Qxa5 36. Rd2 Qd5 37. Re2+ Kf8 38. Be4 Qc5 39. Qf4 Kg7 40. Qg4+ Kh8 41. Qf4 Kg7 42. Qg4+ Kh8 43. Qf4 Kg7 44. Qg4+ Kh8 1/2-1/2

[Event "POL-ch Academic"]
[Site "Chorzow"]
[Date "2022.04.02"]
[Round "6"]
[White "Psyk, Radoslaw"]
[Black "Jankowiak, Tomasz"]
[Result "1-0"]
[WhiteElo "2265"]
[BlackElo "2009"]
[PlyCount "81"]
[EventDate "2022.04.01"]
[EventType "swiss (rapid)"]
[EventRounds "9"]
[EventCountry "POL"]
[SourceTitle "EXT 2024"]
[Source "ChessBase"]
[SourceDate "2023.10.10"]
[SourceVersion "1"]
[SourceVersionDate "2023.10.10"]
[SourceQuality "1"]

1. e4 c5 2. Be2 Nf6 3. d3 Nc6 4. f4 d6 5. Nf3 g6 6. 0-0 Bg7 7. Qe1 0-0 8. c3 e5 9. Na3 Re8 10. fxe5 dxe5 11. Bg5 h6 12. Bh4 g5 13. Bf2 b6 14. Nc4 Ng4 15. h3 Nxf2 16. Qxf2 Be6 17. Nh2 Rf8 18. Bg4 Qxd3 19. Ne3 Bxg4 20. Nhxg4 h5 21. Nh2 Qxe4 22. Nf5 f6 23. Rae1 Qa4 24. b3 Qa6 25. Qf3 Qb7 26. Qxc6 Qxc6 27. Ne7+ Kf7 28. Nxc6 Ke6 29. b4 Rfc8 30. b5 a6 31. a4 axb5 32. axb5 Ra3 33. c4 Rc3 34. Rc1 Rd3 35. Rfd1 Ra3 36. Ra1 Rc3 37. Rdc1 Rd3 38. Ra7 Bf8 39. Ra6 e4 40. Rxb6 Kf5 41. Rf1+ 1-0

[Event "POL-chT Academic"]
[Site "Chorzow"]
[Date "2022.04.02"]
[Round "4.8"]
[White "Szustakowski, Antoni"]
[Black "Jankowiak, Tomasz"]
[Result "1-0"]
[WhiteElo "2169"]
[BlackElo "2009"]
[PlyCount "115"]
[EventDate "2022.04.02"]
[EventType "team-swiss (rapid)"]
[EventRounds "9"]
[EventCountry "POL"]
[SourceTitle "EXT 2024"]
[Source "ChessBase"]
[SourceDate "2023.10.10"]
[SourceVersion "1"]
[SourceVersionDate "2023.10.10"]
[SourceQuality "1"]

1. e4 c5 2. Nf3 Nf6 3. e5 Nd5 4. Nc3 e6 5. Nxd5 exd5 6. d4 Nc6 7. Bd3 d6 8. exd6 Bxd6 9. dxc5 Bxc5 10. 0-0 0-0 11. h3 h6 12. c3 Qf6 13. Bb1 Ne7 14. Re1 Rd8 15. Be3 Bxe3 16. Rxe3 Bf5 17. Nd4 Bxb1 18. Rxb1 Nc6 19. Rf3 Qg6 20. Nf5 Kh8 21. Qc2 d4 22. Qe4 Re8 23. Qf4 dxc3 24. bxc3 Ne7 25. Rxb7 Nxf5 26. Qxf5 Qxf5 27. Rxf5 f6 28. Rc5 Rac8 29. Rcc7 Rxc7 30. Rxc7 Re1+ 31. Kh2 Rc1 32. Kg3 a5 33. a4 Kh7 34. Kf4 Rc2 35. Ke3 Kg6 36. g4 Ra2 37. Rc4 Ra1 38. h4 h5 39. f3 hxg4 40. fxg4 Rh1 41. h5+ Kg5 42. Kf3 Rf1+ 43. Kg2 Rf4 44. Rxf4 Kxf4 45. c4 Kxg4 46. c5 Kf5 47. Kf3 Ke5 48. c6 Kd6 49. Kf4 Kxc6 50. Kf5 Kc5 51. Kg6 f5 52. Kxf5 Kb4 53. Kg6 Kxa4 54. Kxg7 Kb3 55. h6 a4 56. h7 a3 57. h8Q a2 58. Kf7 1-0

[Event "POL-chT 1st League"]
[Site "Szklarska Poreba"]
[Date "2021.09.08"]
[Round "5.12"]
[White "Gbyl, Andrzej"]
[Black "Jankowiak, Tomasz"]
[Result "1-0"]
[WhiteElo "2204"]
[BlackElo "2169"]
[PlyCount "77"]
[EventDate "2021.09.04"]
[EventType "team-swiss"]
[EventRounds "9"]
[EventCountry "POL"]
[SourceTitle "CBM 204 Extra"]
[Source "ChessBase"]
[SourceDate "2021.11.30"]
[SourceVersion "1"]
[SourceVersionDate "2021.11.30"]
[SourceQuality "1"]
[WhiteTeam "Krakow KKSz"]
[BlackTeam "Bogatynia UKS SP3"]
[WhiteTeamCountry "POL"]
[BlackTeamCountry "POL"]

1. d4 d5 2. c4 c6 3. Nf3 Nf6 4. Qc2 dxc4 5. Qxc4 b5 6. Qc2 Bb7 7. a4 e6 8. e4 a6 9. Bg5 Qa5+ 10. Bd2 b4 11. Bd3 Nbd7 12. 0-0 c5 13. d5 exd5 14. exd5 Bd6 15. Re1+ Kf8 16. Na3 Qc7 17. Nc4 Bxd5 18. Nxd6 Qxd6 19. Rad1 Bxf3 20. gxf3 Ne5 21. Be2 Nc6 22. Be3 Nd4 23. Qc4 Rd8 24. Bxd4 cxd4 25. Qxa6 Qf4 26. Qb6 Rd5 27. Qxb4+ Kg8 28. Qd2 Qh4 29. Bf1 h5 30. Rc1 Rg5+ 31. Kh1 Rh6 32. Rc8+ Kh7 33. Bd3+ g6 34. Rc7 Kg7 35. Bc4 Nd5 36. Rd7 Qh3 37. Qxg5 Qxf3+ 38. Qg2 Qf4 39. Qxd5 1-0